000 00816nam a2200205Ia 4500
003 OSt
005 20240509094615.0
008 210210b2003 xxu||||| |||| 00| 0 eng d
040 _cAL
041 _aKannada
082 _aK894.1 VAMA
100 _aVAMANA BENDRE Ed
_9133639
_dವಾಮನ ಬೇಂದ್ರೆ
245 _aAmbikatanayadatta bendre kanda shravana : Hindustani shastriya sangita svara samyojane olagondu
_b ಅಂಬಿಕಾತನಯದತ್ತಬೇಂದ್ರೆ ಕಂಡ ಶ್ರಾವಣ: ಹಿಂದೂಸ್ತಾನಿ ಶಾಸ್ತ್ರೀಯ ಸಂಗೀತ ಸ್ವರ ಸಂಯೋಜನೆ ಒಳಗೊಂಡು
260 _aHubli
_b-
_c2003
300 _a88
650 _aDa Ra Bendre
_9133640
690 _aKannada Poetry
_9133650
906 _a073698
942 _2ddc
_cBK
999 _c123578
_d123578